000 00810nam a22002055i 4500
001 161242
003 ES-MaACL
005 20230906212230.0
008 041014m19011905it |||| | ita d
040 _aCAM
_bspa
_cCAM
100 1 _aPagliaini, Attilio.
_9130769
245 1 0 _aCatalogo generale della libreria italiana dall'anno 1847 a tutto il 1899 /
_ccompilato dal prof. Attilio Pagliaini.
260 _aMilano :
_bpubblicato a cura dell'Associzione Tipografico-Libraria Italiana,
_c1901-1905 (
_ftip. L. di G. Pirola di Enrico Rubini)
300 _a3 v. (VIII, 840 ; 890 ; 861 p.) ;
_c29 cm.
505 8 _aT. I. A-D -- T. II. E-O -- T. III. P-Z
650 4 _aItalia-
_vBibliografĂ­as.
_9223470
752 _aItalia -
_dMilán
852 _aES-MaACL
_jG-5796-5798
_z-- Enc. hol.
999 _c161242
_d161242